000 00315 a2200157 4500
001 164750
020 _a
040 _cMagnum
100 _aThis, Herve
240 1 0 _aUm cientista na cozinha
_lpor
245 1 0 _aUm cientista na cozinha
362 0 _a1899
440 1 _aÁtica
697 _aGERAL
942 _cBK
999 _c164750
_d164750